000 00465nam a2200181Ia 4500
001 22980
005 20260414150907.0
008 260414t2015||||xx |||||||||||||| ||spa||
041 _aESP
082 _a624.171
_bV47
100 _aVera Lazaro, Alejandro Segundo
_eAUT
245 0 _aAnálisis estructural con matrices :
_bproblemas resueltos
260 _c2015
300 _a422 páginas :
_c25 cm.
650 _a0
654 _aCIC
942 _cLIB
_dJUS
_fJUS
_2ddc
_n
999 _c22980
_d22980